| 000 | 01318nam a22003254a 4500 | ||
|---|---|---|---|
| 001 | ebr10194858 | ||
| 003 | CaPaEBR | ||
| 006 | m u | ||
| 007 | cr cn||||||||| | ||
| 008 | 040910s2004 gw a sb 100 0 eng | ||
| 010 | _z 2004021279 | ||
| 016 | 7 |
_z972284672 _2GyFmDB |
|
| 020 | _z3110174472 (cloth : alk. paper) | ||
| 040 |
_aCaPaEBR _cCaPaEBR |
||
| 035 | _a(OCoLC)232160042 | ||
| 050 | 1 | 4 |
_aQA174 _b.F56 2003eb |
| 072 | 7 |
_aQA _2lcco |
|
| 082 | 0 | 4 |
_a512/.23 _222 |
| 111 | 2 |
_aFinite Groups 2003 _d(2003 : _cGainesville, Fla.) |
|
| 245 | 1 | 0 |
_aFinite Groups 2003 _h[electronic resource] : _bproceedings of the Gainesville conference on finite groups, March 6-12, 2003 / _ceditors, C.Y. Ho ... [et al.]. |
| 260 |
_aBerlin ; _aNew York : _bWalter de Gruyter, _cc2004. |
||
| 300 |
_axv, 417 p. : _bill. |
||
| 504 | _aIncludes bibliographical references. | ||
| 533 |
_aElectronic reproduction. _bPalo Alto, Calif. : _cebrary, _d2013. _nAvailable via World Wide Web. _nAccess may be limited to ebrary affiliated libraries. |
||
| 650 | 0 |
_aFinite groups _vCongresses. |
|
| 655 | 7 |
_aElectronic books. _2local |
|
| 700 | 1 |
_aHo, Chat-Yin, _d1946- |
|
| 710 | 2 | _aebrary, Inc. | |
| 856 | 4 | 0 |
_uhttp://site.ebrary.com/lib/rucke/Doc?id=10194858 _zAn electronic book accessible through the World Wide Web; click to view |
| 999 |
_c114211 _d114211 |
||